A glossary of sea terms

Guardat en:
Dades bibliogràfiques
Autors principals: Bradford, Gershom (Autor), Quill, J. J (Autor)
Format: Llibre
Idioma:anglès
Publicat: Londres Cassell 1954
Matèries:
Etiquetes: Afegir etiqueta
Sense etiquetes, Sigues el primer a etiquetar aquest registre!

MARC

LEADER 00000nam a2200000 a 4500
001 UCV5300
003 CL-VaPUC
008 921016e19540000UK |||||||||||||||||eng|d
082 0 4 |a 623.803  |b BRA  |2 21 
100 0 |a Bradford, Gershom  |e author  |9 299622 
700 0 |a Quill, J. J  |e author  |9 299623 
245 1 2 |a A glossary of sea terms 
300 |a 215 p 
942 |c BK 
945 |d 19921016 00:00:00 
260 |a Londres  |b Cassell  |c 1954 
650 7 |a CIENCIA NAVAL  |2 CL-VaPUC  |9 262012 
650 7 |a DICCIONARIOS INGLES  |2 CL-VaPUC  |9 261669 
583 |a last modification  |c 19921016 00:00:00  |k Rodrigo Vera 
999 |c 211863  |d 211861